|
|
|
|
| LEADER |
00000cam a2200000 4500 |
| 001 |
vtls012070734 |
| 003 |
SK-MaSNL |
| 005 |
20260426000940.0 |
| 008 |
210928s2020 gw a g n 000 0 eng |
| 015 |
|
|
|a SNBZSA2023/05
|
| 020 |
|
|
|a 9783830941620
|q (brožované)
|
| 040 |
|
|
|a SNK
|b slo
|c SNK
|e rda
|
| 041 |
0 |
|
|a eng
|
| 043 |
|
|
|a e-hu---
|a e-pl---
|a e-xr---
|a e-xo---
|
| 044 |
|
|
|a gw
|c DE
|a xxu
|c US
|
| 072 |
|
7 |
|a 37.09
|x Organizácia výučby a vzdelávanie
|2 konspekt
|
| 072 |
|
7 |
|a 37.014
|x Vzdelávacia a výchovná politika
|2 konspekt
|
| 080 |
|
|
|a 37.091.214
|2 2011
|
| 080 |
|
|
|a 37.014.3
|2 2011
|
| 080 |
|
|
|a 37.014.5
|2 2011
|
| 080 |
|
|
|a "1989/-"
|2 2011
|
| 080 |
|
|
|a (439)
|2 2011
|
| 080 |
|
|
|a (438)
|2 2011
|
| 080 |
|
|
|a (437.3)
|2 2011
|
| 080 |
|
|
|a (437.6)
|2 2011
|
| 080 |
|
|
|a (048.8)
|2 2011
|
| 245 |
0 |
0 |
|a Curriculum changes in the visegrad four
|b three decades after the fall of communism : studies from Hungary, Poland, the Czech and Slovak Republics
|c Tomáš Janík, Štefan Porubský, Magdolna Chrappán, Kinga Kuszak (eds.)
|
| 246 |
3 |
|
|a Curriculum changes in the visegrad 4
|b 3 decades after the fall of communism
|
| 264 |
|
1 |
|a Münster
|a New York
|b Waxmann
|c 2020
|
| 300 |
|
|
|a 161 strán
|b ilustrácie, tabuľky
|c 24 cm
|
| 336 |
|
|
|a text
|b txt
|2 rdacontent
|
| 337 |
|
|
|a bez média
|b n
|2 rdamedia
|
| 338 |
|
|
|a zväzok
|b nc
|2 rdacarrier
|
| 500 |
|
|
|a Obsahuje profesijné údaje o autoroch a zoznam ilustrácií
|
| 504 |
|
|
|a Obsahuje bibliografiu za jednotlivými kapitolami
|
| 648 |
|
7 |
|a od 1989
|2 SNKPH
|9 329254
|
| 648 |
|
7 |
|a from 1989
|2 SNKPHeng
|9 335467
|
| 650 |
0 |
7 |
|a učebné osnovy
|2 SNKPH
|9 4071
|
| 650 |
0 |
7 |
|a vzdelávacie reformy
|2 SNKPH
|9 3201
|
| 650 |
0 |
7 |
|a vzdelávacia politika
|2 SNKPH
|9 3199
|
| 650 |
0 |
7 |
|a Subject programmes
|2 SNKPHeng
|9 301146
|
| 650 |
0 |
7 |
|a Educational reforms
|2 SNKPHeng
|9 323688
|
| 650 |
0 |
7 |
|a Educational policy
|2 SNKPHeng
|9 323687
|
| 651 |
|
7 |
|a Maďarsko
|2 SNKPHgeo
|9 16754
|
| 651 |
|
7 |
|a Poľsko
|2 SNKPHgeo
|9 16755
|
| 651 |
|
7 |
|a Česko
|2 SNKPHgeo
|9 16753
|
| 651 |
|
7 |
|a Slovensko
|2 SNKPHgeo
|9 14231
|
| 651 |
|
7 |
|a Hungary
|2 SNKPHeng
|9 265263
|
| 651 |
|
7 |
|a Poland
|2 SNKPHeng
|9 265193
|
| 651 |
|
7 |
|a Czechia
|2 SNKPHeng
|9 170107
|
| 651 |
|
7 |
|a Slovakia
|2 SNKPHeng
|9 92630
|
| 655 |
|
7 |
|a štúdie
|2 SNKPH
|9 57033
|
| 655 |
|
7 |
|a Studies
|2 SNKPHeng
|9 265573
|
| 655 |
|
7 |
|a Papers of several authors
|2 SNKPHeng
|9 153738
|
| 655 |
|
7 |
|a zborníky
|2 SNKPH
|9 70165
|
| 700 |
1 |
|
|a Janík, Tomáš,
|d 1977-
|4 edt
|9 101441
|
| 700 |
1 |
|
|a Porubský, Štefan,
|d 1957-
|4 edt
|9 157597
|
| 700 |
1 |
|
|a Chrappán, Magdolna,
|d 1964-
|4 edt
|9 567318
|
| 700 |
1 |
|
|a Kuszak, Kinga
|4 edt
|9 537286
|
| 852 |
|
|
|a Slovenská národná knižnica
|
| 919 |
|
|
|a 978-3-8309-4162-0
|
| 954 |
|
|
|a odborná, vedecká literatúra cudzojazyčná (svetová)
|2 lita
|
| 954 |
|
|
|a odborná, vedecká literatúra pôvodná (slovenská)
|2 lita
|
| 958 |
|
|
|a ZS
|
| 958 |
|
|
|a NB
|
| 999 |
|
|
|c 870024
|d 871954
|
| 952 |
|
|
|a SNK
|b SNK
|y PREZ
|7 0
|p 17A1483320
|o snkSC 197822
|i snk2022/8847
|8 4
|g 33.06
|0 0
|1 0
|4 0
|d 2022-04-12
|l 0
|r 2025-10-20 00:00:00
|w 2026-02-24
|